Principles of microeconomics / (Record no. 17301)
[ view plain ]
| 000 -LEADER | |
|---|---|
| fixed length control field | 00755cam a22002414a 4500 |
| 001 - CONTROL NUMBER | |
| control field | 14294215 |
| 005 - DATE AND TIME OF LATEST TRANSACTION | |
| control field | 20130218113951.0 |
| 008 - FIXED-LENGTH DATA ELEMENTS--GENERAL INFORMATION | |
| fixed length control field | 060309s2007 njua b 001 0 eng |
| 020 ## - INTERNATIONAL STANDARD BOOK NUMBER | |
| International Standard Book Number | 0273754696 |
| 020 ## - INTERNATIONAL STANDARD BOOK NUMBER | |
| International Standard Book Number | 9780273754695 |
| 082 00 - DEWEY DECIMAL CLASSIFICATION NUMBER | |
| Classification number | 338.5 |
| Edition number | 22 |
| Item number | CAS |
| 100 1# - MAIN ENTRY--PERSONAL NAME | |
| Personal name | Case, Karl E. |
| 9 (RLIN) | 22463 |
| 245 10 - TITLE STATEMENT | |
| Title | Principles of Microeconomics / |
| Statement of responsibility, etc | Karl E. Case, Ray C. Fair, Sharon C. Oster. |
| 250 ## - EDITION STATEMENT | |
| Edition statement | 10th ed. |
| 260 ## - PUBLICATION, DISTRIBUTION, ETC. (IMPRINT) | |
| Place of publication, distribution, etc | Upper Saddle River, NJ : |
| Name of publisher, distributor, etc | Pearson Prentice Hall, |
| Date of publication, distribution, etc | c2012. |
| 300 ## - PHYSICAL DESCRIPTION | |
| Extent | 503 p. : |
| Other physical details | col. ill. ; |
| Dimensions | 28 cm. |
| 504 ## - BIBLIOGRAPHY, ETC. NOTE | |
| Bibliography, etc | Includes bibliographical references and index. |
| 650 #0 - SUBJECT ADDED ENTRY--TOPICAL TERM | |
| Topical term or geographic name as entry element | Microeconomics. |
| 9 (RLIN) | 22464 |
| 653 ## - INDEX TERM--UNCONTROLLED | |
| Resource For college | |
| Arrived date list | February2013 |
| 700 1# - ADDED ENTRY--PERSONAL NAME | |
| Personal name | Fair, Ray C. |
| 9 (RLIN) | 22465 |
| 700 1# - ADDED ENTRY--PERSONAL NAME | |
| Personal name | Oster, Sharon C. |
| 9 (RLIN) | 32632 |
| 942 ## - ADDED ENTRY ELEMENTS (KOHA) | |
| Source of classification or shelving scheme | Dewey Decimal Classification |
| Item type | Book - Borrowing |
| Withdrawn status | Item status | Source of classification or shelving scheme | Damaged status | Not for loan | Vendor | Home library | Current library | Shelving location | Date acquired | Source of acquisition | Total Checkouts | Full call number | Barcode | Date last seen | Date last borrowed | Koha item type | Total Renewals |
|---|---|---|---|---|---|---|---|---|---|---|---|---|---|---|---|---|---|
| Dewey Decimal Classification | Baccah | Central Library | Central Library | First floor | 18/02/2013 | 2 | 338.5 CAS | 000028274 | 15/07/2025 | 06/08/2013 | NB - Book (Non borrowing) | ||||||
| Dewey Decimal Classification | Baccah | Central Library | Central Library | First floor | 18/02/2013 | 6 | 338.5 CAS | 000028275 | 15/07/2025 | 10/11/2015 | Book - Borrowing | 25 | |||||
| Dewey Decimal Classification | Baccah | Central Library | Central Library | First floor | 18/02/2013 | 7 | 338.5 CAS | 000028276 | 15/07/2025 | 02/03/2016 | Book - Borrowing | 6 | |||||
| Dewey Decimal Classification | Baccah | Central Library | Central Library | First floor | 18/02/2013 | 8 | 338.5 CAS | 000028277 | 15/07/2025 | 12/02/2019 | Book - Borrowing | 23 | |||||
| Dewey Decimal Classification | Baccah | Central Library | Central Library | First floor | 18/02/2013 | 4 | 338.5 CAS | 000028278 | 15/07/2025 | 14/01/2017 | Book - Borrowing | 24 | |||||
| Dewey Decimal Classification | Baccah | Central Library | Central Library | First floor | 18/02/2013 | 3 | 338.5 CAS | 000028279 | 15/07/2025 | 26/01/2016 | Book - Borrowing | 16 | |||||
| Dewey Decimal Classification | Baccah | Central Library | Central Library | First floor | 18/02/2013 | 4 | 338.5 CAS | 000028280 | 15/07/2025 | 24/08/2013 | Book - Borrowing | 8 | |||||
| Dewey Decimal Classification | Baccah | Central Library | Central Library | First floor | 18/02/2013 | 2 | 338.5 CAS | 000028281 | 15/07/2025 | 17/07/2013 | Book - Borrowing | 25 | |||||
| Dewey Decimal Classification | Baccah | Central Library | Central Library | First floor | 18/02/2013 | 3 | 338.5 CAS | 000028282 | 15/07/2025 | 14/02/2017 | Book - Borrowing | 21 | |||||
| Dewey Decimal Classification | Baccah | Central Library | Central Library | First floor | 18/02/2013 | 5 | 338.5 CAS | 000028283 | 15/07/2025 | 08/08/2017 | Book - Borrowing | 16 | |||||
| Dewey Decimal Classification | Central Library | Central Library | First floor | 02/04/2018 | 338.5 CAS | 000047547 | 15/07/2025 | Book - Borrowing |